000 00676nac a22002051u 4500
020 _a81224292
082 _a658.15244
_bDAV
090 _c9532
_d9532
100 _aDavidson, Jeffrey P.
245 _aHow Tp Reduce Costs And Improve Cash Flow In Business /
_cJeffrey P. Davidson, Charles E. Dean.
260 _aMumbai :
_bJaico Publishing House,c.1993.
_cc.1993.
300 _a208;
_c20cm.
500 _aDistributer: Al-Ahram.
504 _aIncludes Indexes.
511 _aCatalogued By: Mahitab.
650 _aCash Management.
650 _aInvestment Analysis.
700 _aDean, Charles W.
942 _cBB
_k658.15244DAV
999 _c9532
_d9532